| 000 | 00405nam a2200121Ia 4500 | ||
|---|---|---|---|
| 008 | 210430s9999 xx 000 0 und d | ||
| 082 | _a681.75 C781B | ||
| 100 |
_aMoore.John H,Davis Christopher C.,Coplan Michael A. _954913 |
||
| 245 |
_aBuilding Scientific Apparatus _cMoore.John H,Davis Christopher C.,Coplan Michael A. |
||
| 260 |
_aLondon _bAddison-Wisley _c1983 |
||
| 300 | _a483p. | ||
| 942 |
_cREF _2ddc |
||
| 999 |
_c565821 _d565821 |
||